Statistics for Persona Protagonists Quiz

Click here to take the quiz!

General Stats

  • This quiz has been taken 36 times
  • The average score is 5 of 8

Answer Stats

NameProtagonist Origins% Correct
Makoto YukiPersona 3
96%
Ren AmamiyaPersona 5
96%
Yu NarukamiPersona 4
96%
AigisPersona 3 FES
77%
Kotone ShiomiPersona 3 Portable
62%
Tatsuya SuouPersona 2: Innocent Sin
46%
Maya AmanoPersona 2: Eternal Punishment
42%
Naoya ToudouRevelations: Persona
19%

Score Distribution

Percentile by Number Answered

Percent of People with Each Score

Your Score History

You have not taken this quiz